SPAL Best Scorer By Year - Statistics

General Stats
  • This quiz has been taken 36 times
  • The average score is 2 of 16
Answer Stats
Player % Correct
Andrea Petagna
94%
Mirco Antenucci
59%
Beniamino Di Giacomo
3%
Bülent Esel
3%
Egidio Morbello
3%
Enrico Muzzio
3%
Giancarlo Vitali
3%
Giovanni Brenna
3%
Giovanni Bui
3%
Guido Macor
3%
Ivano Bosdaves
3%
Oscar Massei
3%
Pietro Broccini
3%
Rinaldo Olivieri
3%
Sergio Sega
3%
Silvano Mencacci
3%
No matching quizzes found
Score Distribution
Percent of People with Each Score
Percentile by Number Answered
Your Score History
You have not taken this quiz